|
|
|
|
| LEADER |
00000nam a2200000 i 4500 |
| 001 |
1/41555 |
| 008 |
031007s2000 eng d |
| 020 |
|
|
|a 1840148675
|
| 035 |
|
|
|l 10071009
|
| 040 |
|
|
|a GR-MY-UA
|b gre
|e aacr
|
| 041 |
0 |
|
|a eng
|
| 082 |
0 |
|
|a 333.7609669
|2 (21)
|
| 245 |
1 |
0 |
|a Visions of sustainability :
|b stakeholders, change and indicators /
|c Stephen Morse ... [et al.]
|
| 260 |
|
|
|a Aldershot :
|b Ashgate,
|c c2000
|
| 300 |
|
|
|a xii, 251 σ.;
|b πιν., διαγρ.;
|c 23 εκ.
|
| 504 |
|
|
|a Περιέχει βιβλιογραφία και ευρετήριο
|
| 650 |
0 |
0 |
|a Sustainable development
|z Nigeria.
|
| 700 |
1 |
|
|a Morse, Stephen
|d 1957-
|
| 852 |
|
|
|a INST
|b LESVOS
|e 20031007
|h 333.7609669 VIS
|p 005100026781
|q 005100026781
|t BK
|y 0
|
| 901 |
|
|
|a BIBL1-2003-3
|
| 909 |
|
|
|a Λ
|b 106242
|
| 922 |
|
|
|a 1ΕΛΗ
|b 200309
|c ΕΠΕΑΕΚ2/ΤΠ
|d ΜΙΧΑΛΟΠΟΥΛΟΣ
|
| 950 |
|
|
|a 107-2003-06-11
|
| 970 |
|
|
|a ΧΡΙΣΤΟΦΑ
|b ΝΙΚΗ
|z 2003/10/15
|